zpět

Detail výsledku týmu

MusiClub Drago, Nový Jičín

Datum a čas kvízu

20.5 Celkem bodů Celkový počet nahraných bodů na tomto kvízu bez doplňovacích otázek.
6. Pořadí na kvízu Konečné umístění týmu na tomto kvízu.

Zaznamenané odpovědi

# Otázka Odpověď Body Výsledky
1. Jak se nazývá české statutární... Teplice 0
2. Expedice Tatra kolem světa, kt... Írán 0
3. Na začátku minulého týdne bylo... Jaroslav Uhlíř 0
4. Společnost RegioJet chystá pří... Rijeka 0
5. Hokejový útočník Vladimír Růži... Hradec Králové 0
6. Clint Eastwood oslavil posledn... hrst, pár 0.5
7. V souvislosti s Eastwoodem byc... spaghetti western 0
8. Který z těchto filmů Eastwood... D 0
9. Nechybělo mnoho a toto téma by... C 0
10. Jak se nazývá hudební projekt,... Gorillaz 0